000 00694nam a2200277Ia 4500
005 20260324130522.0
008 008 260324s9999 xx 000 0 eng d
020 _a9780429094446
037 _aEBOOK
040 _aCRL
040 _beng
040 _cCRL
041 _2eng
041 _aeng
084 _qCRL
100 _aKlaus-Dieter Thoben; Marco Taisch; Marco Montorio
_91182089
245 0 _aAdvanced Manufacturing. An ICT and Systems Perspective
260 _bTaylor and Francis
260 _c2007
365 _a
365 _b73.99
856 _uhttp://www.taylorfrancis.com/books/9780429094446
942 _cEBOOK
999 _c1778315
_d1778315